Largest cities occupied by Russia in Ukraine - Statistics

General Stats
  • This quiz has been taken 69 times
  • The average score is 9 of 16
Answer Stats
Status Population City % Correct
Currently Occupied 901,645 Donetsk
95%
Currently Occupied 397,677 Luhansk
92%
Currently Occupied 431,298 Mariupol
89%
Currently Occupied 479,394 Sevastopol
84%
Formerly Occupied 289,096 Kherson
75%
Currently Occupied 339,863 Simferopol
70%
Currently Occupied 153,112 Melitopol
69%
Currently Occupied 148,932 Kerch
56%
Currently Occupied 130,000 Sievierodonetsk
52%
Currently Occupied 110,455 Berdyansk
48%
Currently Occupied 239,828 Horlivka
48%
Currently Occupied 338,968 Makiivka
43%
Currently Occupied 106,202 Yevpatoria
36%
Currently Occupied 106,062 Alchevsk
34%
Formerly Occupied 109,806 Brovary
8%
Currently Occupied 104,857 Yenakiieve
3%
No matching quizzes found
Score Distribution
Percent of People with Each Score
Percentile by Number Answered
Your Score History
You have not taken this quiz